01150nam a2200301Ia 4500001001000000003000500010008004100015010001100056040000900067090001700076100004500093245017200138260003400310300001000344502006900354650003100423650003000454650003800484710002500522901001700547902000600564905006300570910000900633942000900642942001200651999001900663952016600682Para_5795CHAP220125s1981 xx 000 0 und d a204290 cCHAP aPA TESIS 113 aGarcía Lagunes, Enrique Daniel9170235 aToxicidad de varios insecticidas y mezclas contra el picudo del algodonero Anthonomus grandus Boh en condciones de laboratorio( /c por Enrique Daniel García Lagunes aCuernavaca, Mor. :b el autor a75 h. aTesis (Biólogo. Especialidad en Ciencias Biológicas ). UAEM. aAlgodón x plagas94046 aAnthonomus grandis 96037 aInsecticidas x toxicidad 958882 aUAEM. (Mor.)9170236 aPA TESIS 113 aA a0000001981 0000000000 00 a1981 cPARA cPARAd1 c204290d204290 00102local4051708TESISaPAbPAd2005-10-27fPARAi(PA_3165) (No. UACh CONSUMO)l0oPA TESIS 113p4101000154r2022-01-25 00:00:00tEj.1w2022-01-25yTESISz3